书目信息 |
| 题名: |
科技文献检索与利用
|
|
| 作者: | 王立诚 主编 | |
| 分册: | ||
| 出版信息: | 南京 东南大学出版社 2020.3 |
|
| 页数: | 258页 | |
| 开本: | 24cm | |
| 丛书名: | ||
| 单 册: | ||
| 中图分类: | G252.7 | |
| 科图分类: | ||
| 主题词: | 科技情报--ke ji qing bao--情报检索--高等学校--教材 | |
| 电子资源: | ||
| ISBN: | 978-7-5641-8818-4 | |
| 000 | 01288nam0 2200265 450 | |
| 001 | 2133104693 | |
| 005 | 20211026095450.23 | |
| 010 | @a978-7-5641-8818-4@dCNY49.80 | |
| 100 | @a20200331d2020 em y0chiy0120 ea | |
| 101 | 0 | @achi |
| 102 | @aCN@b320000 | |
| 105 | @aa a 000yy | |
| 106 | @ar | |
| 200 | 1 | @a科技文献检索与利用@Ake ji wen xian jian suo yu li yong@f王立诚主编 |
| 205 | @a6版 | |
| 210 | @a南京@c东南大学出版社@d2020.3 | |
| 215 | @a258页@c图@d24cm | |
| 320 | @a有书目 | |
| 330 | @a本书在第5版的基础上, 结合近几年高等学校“信息检索”课程教学的需要, 对全书内容进行了修订; 并结合各类型数据库的变化情况, 对有关数据库的内容进行了更新; 从大学生对信息需求的变化, 增加了“相关学科专业适用数据库应用参考”、“专题信息检索与利用”和“图书馆服务实用指南”等三个章节。全书系统地阐述了科技文献检索与利用的基本原理和基础知识, 介绍了国内外主要科技文献检索工具及其使用方法, 结合学生在校学习期间以及今后走向工作岗位获取文献的需要, 按文献出版类型分别介绍了获取的方法和途径。 | |
| 333 | @a本书不仅可作为高等院校有关专业教材, 还可供图书情报工作者、科技工作者和信息管理人员使用 | |
| 606 | 0 | @a科技情报@Ake ji qing bao@x情报检索@x高等学校@j教材 |
| 690 | @aG252.7@v5 | |
| 701 | 0 | @a王立诚@Awang li cheng@4主编 |
| 801 | 0 | @aCN@b百万庄@c20211025 |
| 905 | @b1312101-04@dG252.7@e142=6@f4 | |
| 科技文献检索与利用/王立诚主编.-6版.-南京:东南大学出版社,2020.3 |
| 258页:图;24cm |
| 使用对象:本书不仅可作为高等院校有关专业教材, 还可供图书情报工作者、科技工作者和信息管理人员使用 |
| ISBN 978-7-5641-8818-4:CNY49.80 |
| 本书在第5版的基础上, 结合近几年高等学校“信息检索”课程教学的需要, 对全书内容进行了修订; 并结合各类型数据库的变化情况, 对有关数据库的内容进行了更新; 从大学生对信息需求的变化, 增加了“相关学科专业适用数据库应用参考”、“专题信息检索与利用”和“图书馆服务实用指南”等三个章节。全书系统地阐述了科技文献检索与利用的基本原理和基础知识, 介绍了国内外主要科技文献检索工具及其使用方法, 结合学生在校学习期间以及今后走向工作岗位获取文献的需要, 按文献出版类型分别介绍了获取的方法和途径。 |
| ● |
| 相关链接 |
|
|
|
|
正题名:科技文献检索与利用
索取号:G252.7/142=6
 
预约/预借
| 序号 | 登录号 | 条形码 | 馆藏地/架位号 | 状态 | 备注 |
| 1 | 1312101 | 213121012 | 第一样本阅览室/ [索取号:G252.7/142=6] | 在馆 | |
| 2 | 1312102 | 213121021 | 第四借阅区/ [索取号:G252.7/142=6] | 在馆 | |
| 3 | 1312103 | 213121030 | 第四借阅区/ [索取号:G252.7/142=6] | 在馆 | |
| 4 | 1312104 | 213121049 | 第四借阅区/ [索取号:G252.7/142=6] | 在馆 |